| 000 | 01459nam a22002177a 4500 | ||
|---|---|---|---|
| 005 | 20250409120443.0 | ||
| 008 | 250409b |||||||| |||| 00| 0 eng d | ||
| 020 | _a9781032768694 | ||
| 037 | _cTextual | ||
| 040 |
_aRTL _cRTL |
||
| 084 |
_aU2854.2 R4 _qRTL |
||
| 100 |
_aKumar, Narendar _9751993 |
||
| 245 | _aUrban flood mitigation strategies using geospatial tools: A practical approach for cities and towns of the developing world | ||
| 260 |
_aLondon _bRoutledge _c2024 |
||
| 300 |
_axvii, 255p. : ill. _bIncludes bibliographical references and index |
||
| 520 | _aThis book balances the theoretical with empirical approaches to form a unique standpoint on the various challenges and possible solutions to urban flooding in India. Through a study of major urban flood incidents, this book analyzes the factors which contribute to the rising risk of flooding with increasing urbanization, population dynamics, growth, and urban sprawl, with particular focus on the cities of Chennai, Mumbai, and Hyderabad in India. It also examines disaster governance on urban floods and legislative prospects of flood disasters through discussions on standing acts, United Nations (UN) directives, and internationally adopted practices and actions, which are applicable in the Indian context. | ||
| 650 |
_aHazards and disasters _9673053 |
||
| 650 |
_aSustainable architecture _9751994 |
||
| 650 | _aUrban geography | ||
| 942 |
_2CC _n0 _cTB _hU2854.2 R4 |
||
| 999 |
_c1308585 _d1308585 |
||